Responses for Show #2289 - Thursday, July 14, 1994

1994 Seniors Tournament quarterfinal game 4.

Contestants

[<< previous game]

Bart Thomas, a marine art dealer from Bridgewater, New Jersey

Liz Susie, a retired teacher from Elkton, Maryland

Bob McGrath, an actor from New Rochelle, New York

[next game >>]

Jeopardy! Round responses

ANIMALS
DINAH SHORE
FRANCHISES
OREGON
LAW
5-LETTER WORDS
    $100 6
buffalo (bison)

Liz
    $100 16
a kiss

Bart
    $100 17
7-Elevens

Bob
    $100 22
(Bob: What is Salem?)

Portland

BobBart
    $100 11
(Bob: [*]. What are [*]?)

jurors

Bob
    $100 1
a model

Bart
    $200 7
their mouth

Bart
    $200 27
polio

Bob
    $200 18
Subway

Liz
    $200 23
the Douglas fir

Bart
    $200 12
good conduct (good behavior)

Bob
    $200 2
a nanny

Bart
    $300 8
a hare

Bob
    $300 28
golf

Bob
    $300 19
automobiles

Bob
    $300 24
Nike

Bob
    $300 13
California

Liz
    $300 3
a parka

Bart
    $400 9
an omnivore

Bart
    $400 29
"Buttons And Bows"

Bob
    $400 20
copies (printing)

Bart
    $600 25
Idaho

Bob
    $400 14
the burden of proof

Bob
    $400 4
a dowry

Bart
    $500 10
a terrapin

Bart
    $500 30
Vanderbilt

Liz
    $500 21
(Bart: What is Coldwell Banker?)

Century 21

Bart
Triple Stumper
    $500 26
(Mark) Hatfield

Liz
    $500 15
(Liz: What is flagrante delecto?)
(Alex: Delicto, you were close enough.)

flagrante delicto

Liz
    $500 5
[Applause]
(Alex: Got 'em all.)

jerky

Bart

Scores at the first commercial break (after clue 15):

Bob Liz Bart
$1,000 $900 $2,600

Scores at the end of the Jeopardy! Round:

Bob Liz Bart
$3,100 $2,100 $2,900

Double Jeopardy! Round responses

1993
KOREA
HEALTH & MEDICINE
AUTHORS
INTERNATIONAL CUISINE
RETIRED
    $200 15
E.T.

Bob
    $200 21
rice

Bart
    $200 8
ear

Liz
    $200 1
Joan of Arc

Liz
    $200 3
an oven

Bart
    $200 26
(Bart: Who is Shepard?)

Neil Armstrong

BobBart
    $400 16
the Chicago Bulls

Bob
    $400 22
Seoul

Bart
    $400 10
cataracts

Bob
    $400 2
(Liz: Who is Mr. Moto?)

Charlie Chan

LizBart
    $400 4
a shish kabob

Bart
    $400 27
(Larry) Bird

Bart
    $600 17
the Biosphere

Liz
    $600 23
Japan

Liz
    $600 11
Vitamin A

Bart
    $600 9
(Robbie) Burns

Bart
    $600 5
lime juice (lemon)

Bart
    $600 28
Walter Kronkite

Bob
    $800 18
(Bob: Who is Baby M?)

Baby Jessica

Bob
Triple Stumper
    $1,000 24
Russia & China

Liz
    $800 12
incisors

Liz
    $800 13
Faulkner

Liz
    $800 6
(Liz: [*], what are [*]?)

beans

Liz
    $800 29
the Missouri

Bart
    $1000 19
(Alex: You forgot Ruth's first name.)
(Bart: Yes.)

Sandra Day O'Connor & (Ruth) Ginsburg

Bart
    $1000 25
(Liz: Who is Park?)

Kim Il-sung

Liz
Triple Stumper
    $1000 20
cobalt

Liz
    $2,500 14
Tennessee Williams

Liz
    $1000 7
Vietnam

Bart
    $1000 30
Beverly Sills

Bart

Scores at the end of the Double Jeopardy! Round:

Bob Liz Bart
$4,100 $9,200 $10,300

Final Jeopardy! Round responses

20th CENTURY WOMEN
[NOTE: Alex read "C.B." as Clare Boothe.]
BobWho is Mother Teresa
$4,100
LizWho was Eleanor Roosevelt
$3,300
BartWho was Eleanor Roosevelt
$5
Eleanor Roosevelt

Final scores:

Bob Liz Bart
$0 $12,500 $10,305
3rd place: $1,000 if eliminated Automatic semifinalist 2nd place: $1,000 if eliminated

Game dynamics:

Coryat scores:

Bob Liz Bart
$3,900 $7,500 $10,300
16 R
(including 1 DD),
2 W
16 R
(including 2 DDs),
2 W
25 R,
2 W

Combined Coryat: $21,700

[game] [game scores] [suggest correction]

Game tape date: 1994-03-07
The J! Archive is created by fans, for fans. Scraping, republication, monetization, and malicious use prohibited; this site may use cookies and collect identifying information. See terms. The Jeopardy! game show and all elements thereof, including but not limited to copyright and trademark thereto, are the property of Jeopardy Productions, Inc. and are protected under law. This website is not affiliated with, sponsored by, or operated by Jeopardy Productions, Inc. Join the discussion at JBoard.tv.